000
00302nam a2200121Ia 4500
008
150201s2007 xx 000 0 und d
082
_a
616.0757
_b
B07W
100
_a
WHO
245
_a
BASICS OF RADIATION PROTECTION
260
_b
AITBS
_a
DELHI
_c
2007
650
_a
RADIOLOGY & DIAGNOSIS
942
_2
ddc
_c
BK
_0
4
999
_c
848
_d
848